000
00464nam a2200145Ia 4500
008
100122s9999 xx 000 0 und d
082
_b
21051
_a
823
100
_a
कवठेकर दत्त र
245
_a
आभाळाची सावली
260
_b
कुलकर्णी ग्रंथगार
_c
1967
300
_a
396
630
_a
आभाळाची सावली
730
_a
आभाळाची सावली
942
_c
BOOK
999
_c
409276
_d
409273